[Event "NZL-ch Rapid 131st"]
[Site "Palmerston North"]
[Date "2024.01.11"]
[Round "2.10"]
[White "Archer, Ollie"]
[Black "Zhu, David Junyang"]
[Result "1/2-1/2"]
[WhiteElo "2024"]
[BlackElo "1721"]
[PlyCount "98"]
[EventDate "2024.01.11"]
[EventType "swiss (rapid)"]
[EventRounds "9"]
[EventCountry "NZL"]
[SourceTitle "CB03_2024"]
[SourceDate "2024.01.17"]
[SourceVersion "1"]
[SourceVersionDate "2024.01.17"]
[SourceQuality "1"]

1. d4 Nf6 2. c4 e6 3. Nc3 Bb4 4. f3 d5 5. a3 Bxc3+ 6. bxc3 0-0 7. cxd5 exd5 8. e3 c5 9. Bd3 Nc6 10. Ne2 Re8 11. 0-0 b6 12. Ng3 Bb7 13. Ra2 Rc8 14. Re2 cxd4 15. cxd4 Na5 16. Kh1 g6 17. Bb1 Ba6 18. e4 dxe4 19. fxe4 Bxe2 20. Qxe2 Rxc1 21. Rxc1 Qxd4 22. Qf3 Kg7 23. Rf1 Nc4 24. Rd1 Qe5 25. Ba2 Nd6 26. Rf1 Rc8 27. Qd1 Ndxe4 28. Nxe4 Qxe4 29. Qa1 Rc6 30. Qb2 Qd3 31. Kg1 Qe3+ 32. Kh1 Qc3 33. Qf2 Qc2 34. Qf3 Rd6 35. Bxf7 Qc6 36. Qb3 Rd2 37. Rg1 Qc2 38. Qxc2 Rxc2 39. Be6 Re2 40. Bc4 Rc2 41. Bb5 Ne4 42. Re1 Nc3 43. Bc4 Rd2 44. Kg1 Rd1 45. Kf1 Kf6 46. Rxd1 Nxd1 47. Ke2 Nc3+ 48. Kd3 Na4 49. Kd4 Kf5 1/2-1/2

[Event "Titled Tuesday intern op 11th Jul Late"]
[Site "Chess.com INT"]
[Date "2023.07.11"]
[Round "6"]
[White "Archer, Ollie"]
[Black "Estrada Nieto, Julian"]
[Result "1-0"]
[WhiteElo "1981"]
[BlackElo "2217"]
[PlyCount "77"]
[EventDate "2023.07.11"]
[EventType "swiss (blitz)"]
[EventRounds "11"]
[EventCountry "USA"]
[SourceTitle "EXT 2024"]
[Source "ChessBase"]
[SourceDate "2023.10.10"]
[SourceVersion "1"]
[SourceVersionDate "2023.10.10"]
[SourceQuality "1"]

1. Nf3 Nf6 2. c4 e6 3. Nc3 d5 4. d4 a6 5. cxd5 exd5 6. Bg5 Be7 7. e3 0-0 8. Bd3 Nbd7 9. 0-0 c6 10. a3 a5 11. Rb1 Re8 12. b4 axb4 13. axb4 b5 14. Ne5 Nxe5 15. dxe5 Nd7 16. Bxe7 Qxe7 17. f4 f6 18. Bxb5 Ra3 19. Bxc6 Rxc3 20. Qxd5+ Kh8 21. e6 Nb6 22. Qb5 Ba6 23. Qxb6 Bxf1 24. Rxf1 Qd8 25. Qxd8 Rxd8 26. e7 Rc8 27. e8Q+ Rxe8 28. Bxe8 Rxe3 29. Bc6 Rb3 30. b5 g6 31. Rd1 Kg7 32. Rd7+ Kh6 33. Rb7 f5 34. Rb8 Kh5 35. b6 Kg4 36. b7 Kxf4 37. Re8 Rb1+ 38. Kf2 Rb2+ 39. Ke1 1-0

[Event "Titled Tuesday intern op 11th Jul Late"]
[Site "Chess.com INT"]
[Date "2023.07.11"]
[Round "8"]
[White "Archer, Ollie"]
[Black "Ferey, Antonin"]
[Result "1/2-1/2"]
[WhiteElo "1981"]
[BlackElo "2181"]
[PlyCount "85"]
[EventDate "2023.07.11"]
[EventType "swiss (blitz)"]
[EventRounds "11"]
[EventCountry "USA"]
[SourceTitle "EXT 2024"]
[Source "ChessBase"]
[SourceDate "2023.10.10"]
[SourceVersion "1"]
[SourceVersionDate "2023.10.10"]
[SourceQuality "1"]

1. Nf3 g6 2. c4 Bg7 3. Nc3 e5 4. d4 exd4 5. Nxd4 Ne7 6. e4 0-0 7. Be2 d6 8. 0-0 f5 9. exf5 Nxf5 10. Nxf5 Rxf5 11. Bg4 Rf8 12. Bf3 Nc6 13. Be3 Be6 14. Bd5 Bxd5 15. Qxd5+ Kh8 16. a3 Qh4 17. Rad1 Rae8 18. Ne2 Re5 19. Qd2 Qxc4 20. Nd4 Nxd4 21. Bxd4 Re7 22. Bxg7+ Kxg7 23. Rc1 Qf7 24. Qd4+ Qf6 25. Qxa7 Qxb2 26. Rb1 Qc2 27. Rxb7 Rff7 28. Qd4+ Kh6 29. Rb2 Qe4 30. Qd2+ Kg7 31. Qc3+ Qe5 32. Qb3 h5 33. Rc2 h4 34. a4 Qg5 35. Ra2 Re5 36. Qc3 Kh7 37. a5 Ref5 38. a6 Rf3 39. Qa5 R3f5 40. Qa3 Rf3 41. Qa5 R3f5 42. Qa3 Rf3 43. Qa5 1/2-1/2

[Event "Titled Tuesday intern op 11th Jul Late"]
[Site "Chess.com INT"]
[Date "2023.07.11"]
[Round "3"]
[White "Archer, Ollie"]
[Black "Janaszak, Dawid"]
[Result "0-1"]
[WhiteElo "1981"]
[BlackElo "2316"]
[PlyCount "116"]
[EventDate "2023.07.11"]
[EventType "swiss (blitz)"]
[EventRounds "11"]
[EventCountry "USA"]
[SourceTitle "EXT 2024"]
[Source "ChessBase"]
[SourceDate "2023.10.10"]
[SourceVersion "1"]
[SourceVersionDate "2023.10.10"]
[SourceQuality "1"]

1. Nf3 e5 2. Nxe5 Nc6 3. Nxc6 dxc6 4. g3 h5 5. h4 Bg4 6. Bg2 Qd7 7. d3 Bc5 8. 0-0 0-0-0 9. c3 Ne7 10. b4 Bd6 11. Nd2 g5 12. hxg5 h4 13. Ne4 hxg3 14. fxg3 Bh3 15. Nxd6+ cxd6 16. Rf2 Qg4 17. Bf4 Bxg2 18. Rxg2 Ng6 19. e4 Qh3 20. Qf1 d5 21. e5 d4 22. c4 Qf5 23. Qf3 Rh3 24. Qe4 Qe6 25. Rb1 Rdh8 26. Kf2 Ne7 27. b5 c5 28. a4 Rh1 29. Rxh1 Rxh1 30. a5 Ra1 31. a6 bxa6 32. Qa8+ Kd7 33. Qxa7+ Kd8 34. Qxc5 Qg4 35. Qb6+ Ke8 36. e6 Ra2+ 37. Kg1 Ra1+ 38. Kf2 fxe6 39. Qb8+ Kf7 40. Qe5 axb5 41. Qf6+ Ke8 42. Bd6 Ra2+ 43. Kg1 Qd1+ 44. Kh2 Qh5+ 45. Kg1 Rxg2+ 46. Kxg2 Qe2+ 47. Kh3 Nf5 48. Qf8+ Kd7 49. Bc5 Qh5+ 50. Kg2 Qe2+ 51. Kh3 bxc4 52. Qf7+ Kc6 53. dxc4 d3 54. Be7 d2 55. Qe8+ Kb6 56. Bd8+ Kb7 57. Qd7+ Ka6 58. Qb5+ Ka7 0-1

[Event "Titled Tuesday intern op 11th Jul Late"]
[Site "Chess.com INT"]
[Date "2023.07.11"]
[Round "9"]
[White "Archer, Ollie"]
[Black "Rottenwohrer Suarez, Juan"]
[Result "0-1"]
[WhiteElo "1981"]
[BlackElo "2271"]
[PlyCount "88"]
[EventDate "2023.07.11"]
[EventType "swiss (blitz)"]
[EventRounds "11"]
[EventCountry "USA"]
[SourceTitle "EXT 2024"]
[Source "ChessBase"]
[SourceDate "2023.10.10"]
[SourceVersion "1"]
[SourceVersionDate "2023.10.10"]
[SourceQuality "1"]

1. Nf3 Nf6 2. c4 g6 3. Nc3 Bg7 4. d4 d6 5. e3 0-0 6. Bd3 c5 7. d5 a6 8. 0-0 Bg4 9. h3 Bxf3 10. Qxf3 Nbd7 11. e4 Ne5 12. Qe2 Nxd3 13. Qxd3 Qa5 14. Bf4 Nd7 15. Bh2 Ne5 16. Qe2 Qb4 17. Bxe5 Bxe5 18. f4 Bg7 19. e5 b5 20. e6 Qxc4 21. Qxc4 bxc4 22. g4 Rab8 23. Rab1 fxe6 24. dxe6 Bxc3 25. bxc3 Rxb1 26. Rxb1 Rxf4 27. Rb8+ Kg7 28. Re8 Re4 29. Rxe7+ Kf6 30. Rxh7 Rxe6 31. Ra7 Re3 32. Rxa6 Ke5 33. h4 Rg3+ 34. Kf2 Rxg4 35. Ra8 Rxh4 36. a4 Rh3 37. a5 Rxc3 38. a6 Ra3 39. a7 Kd5 40. Ke2 g5 41. Kd2 c3+ 42. Kc2 Kc4 43. Kb1 d5 44. Kc1 d4 0-1

[Event "Titled Tuesday intern op 11th Jul Late"]
[Site "Chess.com INT"]
[Date "2023.07.11"]
[Round "1"]
[White "Zavgorodniy, Sergiy"]
[Black "Archer, Ollie"]
[Result "1-0"]
[WhiteElo "2416"]
[BlackElo "1981"]
[PlyCount "77"]
[EventDate "2023.07.11"]
[EventType "swiss (blitz)"]
[EventRounds "11"]
[EventCountry "USA"]
[SourceTitle "EXT 2024"]
[Source "ChessBase"]
[SourceDate "2023.10.10"]
[SourceVersion "1"]
[SourceVersionDate "2023.10.10"]
[SourceQuality "1"]

1. d4 d5 2. c4 e6 3. Nf3 Nf6 4. e3 Be7 5. Nbd2 0-0 6. Bd3 b6 7. 0-0 Bb7 8. Qe2 Nbd7 9. e4 dxe4 10. Nxe4 Nxe4 11. Bxe4 Bxe4 12. Qxe4 Nf6 13. Qe2 c5 14. Rd1 cxd4 15. Nxd4 Qc7 16. b3 Rad8 17. Bb2 Rfe8 18. Nf3 Rxd1+ 19. Rxd1 Rd8 20. Ne5 Rxd1+ 21. Qxd1 Qd6 22. Qxd6 Bxd6 23. Kf1 Bxe5 24. Bxe5 Nd7 25. Bd6 f6 26. Ke2 Kf7 27. f4 g6 28. Kd3 e5 29. fxe5 fxe5 30. b4 Ke6 31. Bc7 Nf6 32. a4 Nd7 33. a5 bxa5 34. Bxa5 Kd6 35. Bd8 Nf8 36. Bg5 Ne6 37. Be3 a6 38. Ke4 Nf8 39. Bc5+ 1-0

[Event "Auckland Trusts op 45th"]
[Site "Auckland"]
[Date "2023.06.05"]
[Round "5"]
[White "Archer, Ollie"]
[Black "Park Tamati, Philli"]
[Result "1/2-1/2"]
[WhiteElo "1974"]
[BlackElo "1867"]
[PlyCount "76"]
[EventDate "2023.06.03"]
[EventType "swiss"]
[EventRounds "6"]
[EventCountry "NZL"]
[SourceTitle "EXT 2024"]
[Source "ChessBase"]
[SourceDate "2023.10.10"]
[SourceVersion "1"]
[SourceVersionDate "2023.10.10"]
[SourceQuality "1"]

1. d4 Nf6 2. c4 e6 3. Nf3 Bb4+ 4. Nbd2 0-0 5. a3 Bxd2+ 6. Qxd2 d6 7. e3 Qe7 8. b4 a5 9. Bb2 axb4 10. axb4 Rxa1+ 11. Bxa1 b5 12. cxb5 Bb7 13. Bd3 Nbd7 14. 0-0 Ra8 15. Rc1 Nb6 16. Qc2 Nfd5 17. Bc3 Nxc3 18. Qxc3 Bxf3 19. gxf3 Qg5+ 20. Kf1 Ra7 21. Qc6 g6 22. f4 Qh5 23. Qg2 Ra2 24. Kg1 Rd2 25. Bf1 Rd1 26. Rxd1 Qxd1 27. Qc6 Nd5 28. Qc4 Qg4+ 29. Bg2 Qd1+ 30. Bf1 Qb1 31. Kg2 Qxb4 32. Qxb4 Nxb4 33. Bc4 d5 34. Bb3 Kf8 35. Kf1 Nd3 36. Bc2 Nb2 37. Bb3 Nd3 38. Bc2 Nb2 1/2-1/2

[Event "Auckland Trusts op 45th"]
[Site "Auckland"]
[Date "2023.06.03"]
[Round "1"]
[White "Archer, Ollie"]
[Black "Zhu, David Junyang"]
[Result "1-0"]
[WhiteElo "1974"]
[BlackElo "1657"]
[PlyCount "105"]
[EventDate "2023.06.03"]
[EventType "swiss"]
[EventRounds "6"]
[EventCountry "NZL"]
[SourceTitle "EXT 2024"]
[Source "ChessBase"]
[SourceDate "2023.10.10"]
[SourceVersion "1"]
[SourceVersionDate "2023.10.10"]
[SourceQuality "1"]

1. d4 Nf6 2. Bg5 e6 3. Nd2 d5 4. e3 Be7 5. Bd3 h6 6. Bh4 b6 7. Ngf3 Bb7 8. 0-0 Nbd7 9. h3 0-0 10. Bxf6 Nxf6 11. Ne5 c5 12. c3 Bd6 13. f4 cxd4 14. exd4 Ne4 15. Qc2 f5 16. Nxe4 dxe4 17. Bc4 Bd5 18. Bxd5 exd5 19. Qb3 Bxe5 20. dxe5 Rc8 21. Rad1 Rc5 22. Rd4 Rf7 23. e6 Re7 24. Rfd1 Qd6 25. Rxd5 Rxd5 26. Rxd5 Qxe6 27. Rxf5 Qxb3 28. axb3 Rd7 29. Re5 Rd2 30. Rxe4 Rxb2 31. Rb4 Kf7 32. Kh2 Ke6 33. Kg3 Kd5 34. Kf3 Kc5 35. Rc4+ Kb5 36. Rb4+ Kc5 37. Ra4 a5 38. Ra3 Rc2 39. b4+ axb4 40. cxb4+ Kxb4 41. Ra7 g5 42. f5 Rc6 43. Rg7 b5 44. Rg6 Kc5 45. Rxc6+ Kxc6 46. Ke4 Kc5 47. g4 b4 48. Kd3 Kd5 49. Kc2 h5 50. Kb3 hxg4 51. hxg4 Kd6 52. Kxb4 Ke5 53. Kc5 1-0

[Event "Auckland Trusts op 45th"]
[Site "Auckland"]
[Date "2023.06.03"]
[Round "2"]
[White "Wang, Daniel3333"]
[Black "Archer, Ollie"]
[Result "1-0"]
[WhiteElo "1850"]
[BlackElo "1974"]
[PlyCount "125"]
[EventDate "2023.06.03"]
[EventType "swiss"]
[EventRounds "6"]
[EventCountry "NZL"]
[SourceTitle "EXT 2024"]
[Source "ChessBase"]
[SourceDate "2023.10.10"]
[SourceVersion "1"]
[SourceVersionDate "2023.10.10"]
[SourceQuality "1"]

1. d4 Nf6 2. c4 e6 3. g3 d5 4. Bg2 dxc4 5. Nf3 Nc6 6. Qa4 Bb4+ 7. Bd2 Nd5 8. Bxb4 Ndxb4 9. 0-0 Rb8 10. Ne5 0-0 11. Nxc6 Nxc6 12. Bxc6 bxc6 13. Qxc4 Rxb2 14. Nc3 Qd6 15. Rab1 Rb6 16. Ne4 Qd5 17. Qxd5 exd5 18. Nc5 Bf5 19. Rb3 Rfb8 20. Rc1 Kf8 21. e3 Ke7 22. Kf1 Kd6 23. h4 Bg4 24. Ra3 Rb2 25. Na4 Bh3+ 26. Ke1 Rb1 27. Kd2 Bf5 28. Rxb1 Rxb1 29. Nc5 Bg4 30. Nd3 Rd1+ 31. Kc3 Bf5 32. Nc5 Rf1 33. Rxa7 Rxf2 34. Nb7+ Kd7 35. a4 Re2 36. Nc5+ Kd6 37. a5 Rxe3+ 38. Kb2 Re2+ 39. Kb3 Rd2 40. a6 Rxd4 41. Rxc7 Kxc5 42. a7 Bc2+ 43. Kxc2 Ra4 44. Kb3 Ra6 45. Rxf7 Kb6 46. Rxg7 h5 47. Rh7 Rxa7 48. Rxh5 Kc5 49. Rg5 Kd4 50. h5 c5 51. h6 c4+ 52. Kc2 Ra2+ 53. Kb1 Rh2 54. Rg4+ Kc3 55. Rh4 Rxh4 56. gxh4 Kd2 57. h7 c3 58. h8Q c2+ 59. Ka2 c1Q 60. Qh6+ Kd1 61. Qxc1+ Kxc1 62. Kb3 d4 63. Kc4 1-0

[Event "NZL-ch op-A 130th"]
[Site "Wellington"]
[Date "2023.01.08"]
[Round "7"]
[White "Masters, Andrew D"]
[Black "Archer, Ollie"]
[Result "0-1"]
[WhiteElo "1833"]
[BlackElo "1960"]
[PlyCount "74"]
[EventDate "2023.01.02"]
[EventType "swiss"]
[EventRounds "9"]
[EventCountry "NZL"]
[SourceTitle "CBM 212 Extra"]
[Source "ChessBase"]
[SourceDate "2023.03.31"]
[SourceVersion "1"]
[SourceVersionDate "2023.03.31"]
[SourceQuality "1"]

1. d4 d5 2. c4 e6 3. Nc3 Nf6 4. cxd5 exd5 5. Bg5 c6 6. Qc2 Bd6 7. e3 0-0 8. Bd3 h6 9. Bh4 Re8 10. Nge2 a5 11. 0-0 Bxh2+ 12. Kh1 Bd6 13. e4 dxe4 14. Nxe4 Be7 15. Bg3 Nxe4 16. Bxe4 Bd6 17. Rae1 Be6 18. a3 Bxg3 19. Nxg3 Qh4+ 20. Kg1 Nd7 21. Nf5 Bxf5 22. Bxf5 Nf6 23. Qd3 Nd5 24. g3 Qh5 25. f4 Nf6 26. Re5 Rxe5 27. fxe5 Nd5 28. e6 fxe6 29. Bxe6+ Kh8 30. Rf5 Qe8 31. Re5 Nc7 32. Bg4 Qd8 33. Kg2 Qd6 34. Bd1 Ne6 35. Bc2 Nf8 36. Qe4 Rd8 37. Rf5 Nh7 0-1

[Event "Henderson Trusts op-A 44th"]
[Site "Henderson"]
[Date "2022.06.04"]
[Round "1"]
[White "Archer, Ollie"]
[Black "Dive, Russell John"]
[Result "0-1"]
[WhiteElo "1795"]
[BlackElo "2257"]
[PlyCount "62"]
[EventDate "2022.06.04"]
[EventType "swiss"]
[EventRounds "6"]
[EventCountry "NZL"]
[SourceTitle "EXT 2024"]
[Source "ChessBase"]
[SourceDate "2023.10.10"]
[SourceVersion "1"]
[SourceVersionDate "2023.10.10"]
[SourceQuality "1"]

1. d4 Nf6 2. c4 c5 3. d5 b5 4. cxb5 a6 5. e3 g6 6. Nc3 Bg7 7. a4 0-0 8. Nf3 d6 9. h3 e6 10. Bc4 axb5 11. Bxb5 exd5 12. Nxd5 Bb7 13. Bc4 Nbd7 14. 0-0 Nb6 15. Nxb6 Qxb6 16. Ra2 d5 17. Bb5 Ne4 18. Qc2 f5 19. Bd2 g5 20. Ne1 g4 21. hxg4 fxg4 22. g3 Qh6 23. Ng2 Qh3 24. Bd3 Ng5 25. Be2 Ba6 26. Qxc5 Nf3+ 27. Bxf3 gxf3 28. Qxd5+ Kh8 29. Nf4 Qxf1+ 30. Kh2 Rad8 31. Qh5 Rxf4 0-1

[Event "Wellington op"]
[Site "Wellington"]
[Date "2022.04.17"]
[Round "5"]
[White "Winsley, Nicholas"]
[Black "Archer, Ollie"]
[Result "0-1"]
[WhiteElo "1838"]
[BlackElo "1717"]
[PlyCount "86"]
[EventDate "2022.04.15"]
[EventType "swiss"]
[EventRounds "6"]
[EventCountry "NZL"]
[SourceTitle "EXT 2024"]
[Source "ChessBase"]
[SourceDate "2023.10.10"]
[SourceVersion "1"]
[SourceVersionDate "2023.10.10"]
[SourceQuality "1"]

1. d4 e6 2. Nf3 Nf6 3. e3 d5 4. Bd3 Be7 5. 0-0 0-0 6. Nbd2 Nbd7 7. b3 Re8 8. Bb2 Bd6 9. Ne5 c5 10. f4 Nf8 11. Ndf3 Ng6 12. c4 b6 13. Qc2 Bb7 14. Ng5 Re7 15. h4 Nxh4 16. Bxh7+ Kf8 17. Nexf7 Rxf7 18. Nxe6+ Ke7 19. Nxd8 Rxd8 20. Qf2 g6 21. Qxh4 Rxh7 22. Qxf6+ Kxf6 23. dxc5+ Kf5 24. cxd6 dxc4 25. Be5 g5 26. bxc4 g4 27. Rfc1 g3 28. c5 bxc5 29. Rxc5 Rh2 30. Rc2 Rd7 31. Kf1 Rh1+ 32. Ke2 Rxa1 33. Bxa1 Rxd6 34. Rc5+ Rd5 35. Rc7 Rb5 36. Rg7 Rb1 37. Bd4 Bxg2 38. Rg5+ Ke6 39. Rxg3 Bd5 40. Rg6+ Kf5 41. Ra6 Bc4+ 42. Kd2 Bxa6 43. Kc2 Rb7 0-1